[Event "Tula Rjazanov Memorial"]
[Site "Tula"]
[Date "2016.02.09"]
[Round "4"]
[White "Rakovich, Viktor"]
[Black "Kochkin, Juriy"]
[Result "1-0"]
[WhiteElo "1791"]
[BlackElo "1764"]
[PlyCount "71"]
[EventDate "2016.02.05"]
[EventType "swiss"]
[EventRounds "9"]
[EventCountry "RUS"]
[SourceTitle "CBM 171 Extra"]
[Source "ChessBase"]
[SourceDate "2016.04.26"]
[SourceVersion "1"]
[SourceVersionDate "2016.04.26"]
[SourceQuality "1"]

1. e4 e5 2. Nf3 Nc6 3. Nc3 Bc5 4. Nxe5 Bxf2+ 5. Kxf2 Nxe5 6. d4 Qh4+ 7. g3 Qf6+ 8. Bf4 Ng6 9. Nd5 Qc6 10. Nxc7+ Kd8 11. Nxa8 Nxf4 12. gxf4 Qxe4 13. Bd3 Qxf4+ 14. Qf3 Qxd4+ 15. Kg2 Nf6 16. Rad1 Re8 17. Rhe1 Rxe1 18. Rxe1 d5 19. Kh1 Bg4 20. Qe3 Qxe3 21. Rxe3 Kc8 22. Re7 Be6 23. Nc7 Kd8 24. Rxe6 fxe6 25. Nxe6+ Ke7 26. Nxg7 Kd6 27. Kg2 Ke5 28. Kf3 a5 29. a4 b6 30. Nf5 Ne4 31. Bxe4 dxe4+ 32. Kg4 h5+ 33. Kg5 h4 34. Nxh4 e3 35. Kg4 e2 36. Nf3+ 1-0